[Event "LSV Turm Lippstadt 1 - SG Ennepe-Ruhr-S"]
[Site "NRW-Klasse, Gruppe 1 2014/201"]
[Date "2015.03.22"]
[Round "8.1"]
[White "Lupor, Stefan"]
[Black "Wehmeier, Stefan"]
[Result "0-1"]
[WhiteElo "2219"]
[BlackElo "2407"]
[PlyCount "111"]
[EventDate "2015.??.??"]
[WhiteTeam "SG Ennepe-Ruhr-Süd 1"]
[BlackTeam "LSV Turm Lippstadt 1"]

1. e4 e5 2. Nf3 Nc6 3. Bb5 a6 4. Ba4 Nf6 5. O-O Be7 6. Re1 b5 7. Bb3 d6 8. c3
O-O 9. h3 Nd7 10. d4 Bf6 11. a4 Bb7 12. Na3 Re8 13. d5 Ne7 14. Be3 Qb8 15. axb5
axb5 16. c4 bxc4 17. Bxc4 c6 18. dxc6 Bxc6 19. Qb1 Qb7 20. Bd3 d5 21. exd5 Bxd5
22. Be2 Be4 23. Qc1 Nd5 24. Nc4 Rxa1 25. Qxa1 Ra8 26. Qc1 Be7 27. Ncxe5 Nxe5
28. Nxe5 Bxg2 29. Bg4 Nxe3 30. Qxe3 Bb4 31. Rd1 Bd5 32. Qd4 Ra5 33. Nd3 Bf8 34.
Nf4 Bf3 35. Rc1 h5 36. Bxf3 Qxf3 37. Qe3 Qb7 38. b3 g6 39. Ng2 Kh7 40. Rd1 Bh6
41. f4 Ra2 42. Rd2 Rxd2 43. Qxd2 Qxb3 44. Kh2 Qf3 45. Qd6 Bg7 46. Qe7 Qd5 47.
Qg5 Qd6 48. Qh4 Bd4 49. Qe1 Kg7 50. Qe4 Qb4 51. Qd5 Qd2 52. Qe4 Qf2 53. Qe1 h4
54. Kh1 Qf3 55. Kh2 Bf2 56. Qxf2 0-1

[Event "LSV Turm Lippstadt 1 - SG Ennepe-Ruhr-S"]
[Site "NRW-Klasse, Gruppe 1 2014/201"]
[Date "2015.03.22"]
[Round "8.3"]
[White "Tripolsky, Eugen"]
[Black "Hecht, Carsten"]
[Result "0-1"]
[WhiteElo "2203"]
[BlackElo "2188"]
[PlyCount "62"]
[EventDate "2015.??.??"]
[WhiteTeam "SG Ennepe-Ruhr-Süd 1"]
[BlackTeam "LSV Turm Lippstadt 1"]

1. c4 Nf6 2. d4 g6 3. f3 d5 4. cxd5 Nxd5 5. e4 Nb6 6. Nc3 Bg7 7. Be3 O-O 8. Qd2
Nc6 9. O-O-O Qd6 10. Nb5 Qd7 11. Bh6 Bxh6 12. Qxh6 a6 13. Nc3 Nxd4 14. f4 f6
15. Nf3 e5 16. fxe5 fxe5 17. Nxe5 Qd6 18. Nf3 c5 19. Ng5 Qe7 20. Nd5 Nxd5 21.
Bc4 Qg7 22. Bxd5+ Kh8 23. Qh4 Rf4 24. g4 Bxg4 25. Rxd4 cxd4 26. h3 Qc7+ 27. Kb1
Bf3 28. Ne6 Rxh4 29. Nxc7 Bxh1 30. Nxa8 Bxe4+ 31. Bxe4 Rxe4 0-1

[Event "LSV Turm Lippstadt 1 - SG Ennepe-Ruhr-S"]
[Site "NRW-Klasse, Gruppe 1 2014/201"]
[Date "2015.03.22"]
[Round "8.4"]
[White "Fecke, Andreas"]
[Black "Arndt, Stefan"]
[Result "0-1"]
[WhiteElo "2112"]
[BlackElo "2118"]
[PlyCount "88"]
[EventDate "2015.??.??"]
[WhiteTeam "LSV Turm Lippstadt 1"]
[BlackTeam "SG Ennepe-Ruhr-Süd 1"]

1. e4 e5 2. Nf3 Nc6 3. c3 d5 4. d3 dxe4 5. dxe4 Qxd1+ 6. Kxd1 Nf6 7. Bd3 Bg4 8.
Nbd2 Bc5 9. Ke2 O-O 10. h3 Bh5 11. Nb3 Bd6 12. Bg5 Nd7 13. g4 Bg6 14. Be3 f6
15. Nfd2 Rfd8 16. Nc4 Be7 17. Nba5 Nxa5 18. Nxa5 Rdb8 19. b4 Nf8 20. Rhd1 Be8
21. Bc4+ Kh8 22. f4 b6 23. Nb3 Rd8 24. f5 Ba4 25. Rxd8 Rxd8 26. Nd2 h6 27. Bb3
Bb5+ 28. Bc4 Rxd2+ 29. Kxd2 Bxc4 30. a4 a6 31. a5 Nd7 32. Ke1 bxa5 33. Rxa5 Kg8
34. Kf2 Kf7 35. h4 Bb5 36. Ra1 Nb6 37. Ra2 Nc4 38. Ba7 Ke8 39. Kf3 Kd7 40. Bf2
Kc6 41. Ra1 Kb7 42. Rd1 Bc6 43. Bc5 Bxc5 44. bxc5 a5 0-1

[Event "LSV Turm Lippstadt 1 - SG Ennepe-Ruhr-S"]
[Site "NRW-Klasse, Gruppe 1 2014/201"]
[Date "2015.03.22"]
[Round "8.5"]
[White "Moors, Hans"]
[Black "Roemhild, Marcus"]
[Result "1/2-1/2"]
[WhiteElo "2083"]
[BlackElo "2049"]
[PlyCount "66"]
[EventDate "2015.??.??"]
[WhiteTeam "SG Ennepe-Ruhr-Süd 1"]
[BlackTeam "LSV Turm Lippstadt 1"]

1. c4 c5 2. Nf3 g6 3. Nc3 Nc6 4. g3 Bg7 5. Bg2 e5 6. O-O Nge7 7. Ne1 O-O 8. Nc2
f5 9. Ne3 d6 10. d3 Kh8 11. Ned5 Nxd5 12. Nxd5 Be6 13. Rb1 Rb8 14. Bd2 Qd7 15.
a3 Ne7 16. Qc1 b5 17. Bh6 bxc4 18. dxc4 Bxd5 19. cxd5 Rb3 20. Bxg7+ Kxg7 21. e4
f4 22. f3 g5 23. Rf2 Rfb8 24. Qf1 Qb7 25. Bh3 Ng6 26. Bf5 Qb5 27. Qh3 fxg3 28.
hxg3 Qd3 29. Rbf1 Rxb2 30. Bxg6 hxg6 31. Qd7+ Kh6 32. Qh3+ Kg7 33. Qd7+ Kh6
1/2-1/2

[Event "LSV Turm Lippstadt 1 - SG Ennepe-Ruhr-S"]
[Site "NRW-Klasse, Gruppe 1 2014/201"]
[Date "2015.03.22"]
[Round "8.6"]
[White "Chapman, Alan John"]
[Black "Bruchmann, Norbert"]
[Result "0-1"]
[WhiteElo "2003"]
[BlackElo "2083"]
[PlyCount "102"]
[EventDate "2015.??.??"]
[WhiteTeam "LSV Turm Lippstadt 1"]
[BlackTeam "SG Ennepe-Ruhr-Süd 1"]

1. e4 e6 2. d4 d5 3. Nd2 c5 4. Ngf3 Nc6 5. c3 Nf6 6. e5 Nd7 7. Bd3 Qb6 8. O-O
cxd4 9. cxd4 Nxd4 10. Nxd4 Qxd4 11. Nf3 Qb6 12. Qa4 Qb4 13. Qc2 Qc5 14. Qe2 Qb6
15. Rb1 Be7 16. b4 Qd8 17. Be3 O-O 18. Rfc1 f6 19. Qc2 Nxe5 20. Bxh7+ Kh8 21.
Nxe5 fxe5 22. Rb3 e4 23. Bg6 Rf6 24. Qe2 Rxg6 25. Qh5+ Kg8 26. Qxg6 Bd7 27. Bd4
Bf6 28. Bxf6 Qxf6 29. Qxf6 gxf6 30. Rc7 Rc8 31. Rxc8+ Bxc8 32. Rc3 Bd7 33. Kf1
Bb5+ 34. Ke1 Bc4 35. Kd2 a6 36. a4 b5 37. a5 Kg7 38. Rg3+ Kh7 39. h4 d4 40. h5
f5 41. h6 f4 42. Rg7+ Kxh6 43. Ra7 e3+ 44. fxe3 fxe3+ 45. Kc2 d3+ 46. Kc3 d2
47. Rd7 Bd5 48. Kc2 Bxg2 49. Rd6 Be4+ 50. Kd1 Bf3+ 51. Kc2 d1=Q+ 0-1

[Event "LSV Turm Lippstadt 1 - SG Ennepe-Ruhr-S"]
[Site "NRW-Klasse, Gruppe 1 2014/201"]
[Date "2015.03.22"]
[Round "8.7"]
[White "Osswald, Luis Monty"]
[Black "Graf, Tobias"]
[Result "1-0"]
[WhiteElo "1985"]
[BlackElo "1972"]
[PlyCount "32"]
[EventDate "2015.??.??"]
[WhiteTeam "SG Ennepe-Ruhr-Süd 1"]
[BlackTeam "LSV Turm Lippstadt 1"]

1. e4 e5 2. Nf3 Nc6 3. d4 exd4 4. Bc4 Nf6 5. e5 d5 6. Bb5 Ne4 7. Nxd4 Bd7 8.
Bxc6 bxc6 9. O-O Bc5 10. f3 Ng5 11. f4 Ne4 12. Be3 Rb8 13. Nd2 Nxd2 14. Qxd2
Rxb2 15. Qc3 Bxd4 16. Bxd4 Qb8 1-0

[Event "LSV Turm Lippstadt 1 - SG Ennepe-Ruhr-S"]
[Site "NRW-Klasse, Gruppe 1 2014/201"]
[Date "2015.03.22"]
[Round "8.8"]
[White "Hagenhoff, Georg"]
[Black "Heller, Achim"]
[Result "1/2-1/2"]
[WhiteElo "1705"]
[BlackElo "1947"]
[PlyCount "94"]
[EventDate "2015.??.??"]
[WhiteTeam "LSV Turm Lippstadt 1"]
[BlackTeam "SG Ennepe-Ruhr-Süd 1"]

1. e4 c6 2. c4 d5 3. cxd5 cxd5 4. e5 Nc6 5. d4 Bf5 6. Nc3 e6 7. Nf3 Be7 8. Bd3
Bxd3 9. Qxd3 h5 10. O-O Nh6 11. Bd2 Nf5 12. Ne2 h4 13. h3 g5 14. Nh2 Qb6 15.
Bc3 Nh6 16. Kh1 O-O-O 17. a4 a5 18. Qb5 Qc7 19. Rfc1 Kb8 20. Bd2 Rdg8 21. Rc2
Bb4 22. Bxb4 axb4 23. a5 Na7 24. Qa4 Qe7 25. Rc5 Rc8 26. Rac1 Rxc5 27. Rxc5 Rc8
28. Qxb4 Rxc5 29. dxc5 Nc6 30. Qc3 Qc7 31. Nf3 g4 32. Nfd4 gxh3 33. gxh3 Nf5
34. Nxf5 exf5 35. Nd4 Nxe5 36. Nxf5 f6 37. b4 Qd7 38. Nd4 Qh7 39. Qc2 Qd7 40.
Kg2 Qg7+ 41. Kf1 Qd7 42. Qf5 Qa4 43. Nc2 Qb3 44. Kg2 Nd3 45. Nd4 Qd1 46. Qxf6
Ne1+ 47. Kh2 Qxd4 1/2-1/2

[Event "SG Niederkassel 1 - SC Hansa Dortmund 2"]
[Site "NRW-Klasse, Gruppe 1 2014/201"]
[Date "2015.03.22"]
[Round "8.1"]
[White "Mainka, Romuald"]
[Black "Stanetzek, Carsten"]
[Result "1-0"]
[WhiteElo "2346"]
[BlackElo "2193"]
[PlyCount "45"]
[EventDate "2015.??.??"]
[WhiteTeam "SC Hansa Dortmund 2"]
[BlackTeam "SG Niederkassel 1"]

1. e4 e5 2. Bc4 Nf6 3. d3 Nc6 4. Nf3 Bc5 5. c3 d6 6. O-O Bg4 7. Nbd2 O-O 8. h3
Bh5 9. Re1 a6 10. Bb3 Re8 11. Nf1 Ba7 12. Ng3 Bg6 13. Bg5 h6 14. Bh4 Na5 15.
Bc2 c5 16. Nh2 Qb6 17. Bxf6 gxf6 18. Rb1 d5 19. Ng4 dxe4 20. dxe4 h5 21. Nxh5
Bxh5 22. Nh6+ Kg7 23. Qxh5 1-0

[Event "SG Niederkassel 1 - SC Hansa Dortmund 2"]
[Site "NRW-Klasse, Gruppe 1 2014/201"]
[Date "2015.03.22"]
[Round "8.2"]
[White "Mende, Andreas"]
[Black "Tuncer, Ufuk"]
[Result "0-1"]
[WhiteElo "2138"]
[BlackElo "2346"]
[PlyCount "98"]
[EventDate "2015.??.??"]
[WhiteTeam "SG Niederkassel 1"]
[BlackTeam "SC Hansa Dortmund 2"]

1. c4 Nf6 2. g3 g6 3. Bg2 Bg7 4. Nc3 O-O 5. e4 Nc6 6. Nge2 e5 7. O-O d6 8. d3
Ne8 9. Be3 Nd4 10. f4 c6 11. Qd2 Nc7 12. h3 a6 13. g4 Nxe2+ 14. Nxe2 exf4 15.
Bxf4 Ne6 16. Be3 b5 17. cxb5 axb5 18. Bh6 Bxh6 19. Qxh6 Qg5 20. Qxg5 Nxg5 21.
Rf6 Ne6 22. e5 d5 23. a3 b4 24. a4 Ba6 25. Rd1 Rfe8 26. Nc1 Bb7 27. Rdf1 Re7
28. b3 Nd4 29. Rd6 Ne6 30. Kh2 g5 31. Rf5 h6 32. Ne2 Rc8 33. Rf6 Kg7 34. Ng3
Nd4 35. Nh5+ Kf8 36. Rxh6 Re6 37. Rhxe6 Nxe6 38. Rd7 Nc5 39. Rd6 Nxb3 40. Nf6
Nc5 41. Bxd5 cxd5 42. Rb6 Bc6 43. Rxb4 Nxd3 44. Rb6 Nxe5 45. Nh7+ Ke7 46. Nxg5
d4 47. Kg3 d3 48. Kf2 f6 49. Nh7 d2 0-1

[Event "SG Niederkassel 1 - SC Hansa Dortmund 2"]
[Site "NRW-Klasse, Gruppe 1 2014/201"]
[Date "2015.03.22"]
[Round "8.3"]
[White "Kotter, Ralf"]
[Black "Rybarczyk, Klaus"]
[Result "0-1"]
[WhiteElo "2273"]
[BlackElo "2161"]
[Annotator "Hausrath,Daniel"]
[PlyCount "96"]
[EventDate "2015.??.??"]
[WhiteTeam "SC Hansa Dortmund 2"]
[BlackTeam "SG Niederkassel 1"]

1. e4 c5 2. Nf3 d6 3. d4 cxd4 4. Nxd4 Nf6 5. Nc3 a6 6. g3 e5 7. Nde2 Be6 8. Bg2
Be7 9. O-O O-O 10. a4 h6 11. h3 Nc6 12. Nd5 Bxd5 13. exd5 Nb8 14. a5 Nbd7 15.
c4 Qc7 16. b3 b6 17. axb6 Qxb6 18. Be3 Nc5 19. Rb1 a5 20. Nc3 Nfd7 21. Nb5 Qb8
22. f4 Bf6 23. g4 exf4 24. Bxf4 Be5 25. Qf3 Qd8 $11 26. Be3 Ra6 27. Nd4 Bxd4
28. Bxd4 Qg5 29. Be3 Qg6 30. Bf4 Rb6 31. Qg3 Rfb8 32. Qc3 a4 33. b4 Nd3 34. Be3
Rxb4 35. Rxb4 Rxb4 36. Rf5 Rb1+ 37. Kh2 N3e5 38. Be4 Rb3 39. Qd4 Nxg4+ 40. hxg4
Qxg4 41. Rf4 Qe2+ 42. Bf2 Ne5 43. c5 g5 44. Qxa4 gxf4 45. Qxb3 Qxf2+ 46. Kh3 f3
47. Bxf3 Nxf3 48. Qb8+ Kg7 0-1

[Event "SG Niederkassel 1 - SC Hansa Dortmund 2"]
[Site "NRW-Klasse, Gruppe 1 2014/201"]
[Date "2015.03.22"]
[Round "8.4"]
[White "Bussard, Christian"]
[Black "Sundorf, Jannik"]
[Result "1/2-1/2"]
[WhiteElo "2125"]
[BlackElo "2102"]
[PlyCount "31"]
[EventDate "2015.??.??"]
[WhiteTeam "SG Niederkassel 1"]
[BlackTeam "SC Hansa Dortmund 2"]

1. d4 Nf6 2. Nf3 e6 3. Bg5 d5 4. Nbd2 c5 5. c3 Nc6 6. e3 h6 7. Bh4 Be7 8. Be2
O-O 9. O-O b6 10. Re1 Bb7 11. Qa4 a6 12. Bf1 b5 13. Qd1 Rc8 14. Nb3 Ne4 15.
Bxe7 Qxe7 16. dxc5 1/2-1/2

[Event "SG Niederkassel 1 - SC Hansa Dortmund 2"]
[Site "NRW-Klasse, Gruppe 1 2014/201"]
[Date "2015.03.22"]
[Round "8.5"]
[White "Babar, Michael"]
[Black "Broehl, Stephan"]
[Result "1/2-1/2"]
[WhiteElo "2053"]
[BlackElo "2132"]
[PlyCount "32"]
[EventDate "2015.??.??"]
[WhiteTeam "SC Hansa Dortmund 2"]
[BlackTeam "SG Niederkassel 1"]

1. d4 d5 2. Nf3 Nf6 3. e3 c6 4. c4 Bg4 5. Qb3 Qb6 6. Nbd2 e6 7. Bd3 Nbd7 8. O-O
Be7 9. h3 Bh5 10. Re1 O-O 11. Qc2 Bg6 12. Bxg6 hxg6 13. b3 Rfc8 14. Bb2 Bb4 15.
Bc3 Bxc3 16. Qxc3 c5 1/2-1/2

[Event "SG Niederkassel 1 - SC Hansa Dortmund 2"]
[Site "NRW-Klasse, Gruppe 1 2014/201"]
[Date "2015.03.22"]
[Round "8.6"]
[White "Schienmann, Bruno"]
[Black "Berndt, Joachim"]
[Result "1-0"]
[WhiteElo "2204"]
[BlackElo "2069"]
[PlyCount "81"]
[EventDate "2015.??.??"]
[WhiteTeam "SG Niederkassel 1"]
[BlackTeam "SC Hansa Dortmund 2"]

1. d4 e6 2. c4 b6 3. Nc3 Bb7 4. Nf3 f5 5. g3 Nf6 6. Bg2 Bb4 7. Qb3 Bxc3+ 8.
Qxc3 Ne4 9. Qc2 O-O 10. b3 Nc6 11. Bb2 a5 12. a3 d5 13. O-O Qe7 14. Rac1 Rac8
15. e3 g5 16. Nd2 Nxd2 17. Qxd2 Nd8 18. f3 Nf7 19. Rfe1 dxc4 20. bxc4 Rfd8 21.
e4 fxe4 22. fxe4 e5 23. d5 c5 24. Bh3 Rc6 25. Rf1 Rh6 26. Bf5 Bc8 27. Bxc8 Rxc8
28. Rf5 Rf6 29. Rxg5+ Nxg5 30. Qxg5+ Kf8 31. Bxe5 Rf7 32. Qg4 Re8 33. Bf4 Qf6
34. Rf1 Qd4+ 35. Rf2 Qa1+ 36. Kg2 Qf6 37. Re2 Re5 38. h4 h5 39. Qf3 Qe7 40. Qc3
Rxf4 41. gxf4 1-0

[Event "SG Niederkassel 1 - SC Hansa Dortmund 2"]
[Site "NRW-Klasse, Gruppe 1 2014/201"]
[Date "2015.03.22"]
[Round "8.7"]
[White "Prueske, Wolfgang"]
[Black "Dierkes, Tobias"]
[Result "1-0"]
[WhiteElo "2058"]
[BlackElo "2110"]
[PlyCount "81"]
[EventDate "2015.??.??"]
[WhiteTeam "SC Hansa Dortmund 2"]
[BlackTeam "SG Niederkassel 1"]

1. e4 c5 2. Nf3 Nc6 3. Bb5 e6 4. O-O Nge7 5. Re1 a6 6. Bf1 g6 7. c3 Bg7 8. d3
O-O 9. Nbd2 d6 10. g3 b5 11. Bg2 Rb8 12. Nf1 b4 13. d4 cxd4 14. cxd4 d5 15. e5
Qb6 16. Ne3 Nf5 17. Nxf5 gxf5 18. Bf4 Bd7 19. Qd2 Ne7 20. h4 Kh8 21. Bg5 Ng8
22. h5 h6 23. Bf4 Rfc8 24. Rac1 a5 25. Nh2 Qd8 26. Bf1 Rxc1 27. Rxc1 Bb5 28.
Bxb5 Rxb5 29. Qc2 Rb7 30. Nf3 f6 31. exf6 Nxf6 32. Ne5 Nxh5 33. Qc6 Ra7 34.
Qxe6 Nxf4 35. gxf4 Rc7 36. Nf7+ Rxf7 37. Qxf7 Bxd4 38. Qxf5 Qf6 39. Rc8+ Kg7
40. Rc7+ Kg8 41. Qh7+ 1-0

[Event "SG Niederkassel 1 - SC Hansa Dortmund 2"]
[Site "NRW-Klasse, Gruppe 1 2014/201"]
[Date "2015.03.22"]
[Round "8.8"]
[White "Riedel, Holger"]
[Black "Linker, Walter"]
[Result "1-0"]
[WhiteElo "2153"]
[BlackElo "2034"]
[PlyCount "49"]
[EventDate "2015.??.??"]
[WhiteTeam "SG Niederkassel 1"]
[BlackTeam "SC Hansa Dortmund 2"]

1. Nf3 f5 2. d3 d6 3. e4 e5 4. Nc3 Nf6 5. exf5 Bxf5 6. d4 e4 7. Nh4 Qd7 8. Nxf5
Qxf5 9. Be2 d5 10. O-O Be7 11. f3 Qd7 12. fxe4 dxe4 13. Bc4 Nc6 14. d5 Bc5+ 15.
Kh1 Ne5 16. Bb5 c6 17. Bf4 cxb5 18. Bxe5 O-O-O 19. Bxf6 gxf6 20. Nxe4 Qxd5 21.
Qg4+ Kb8 22. Rf5 Qd4 23. c3 Qd3 24. Nxc5 Rhg8 25. Qxg8 1-0

[Event "SK Münster 2 - SV Erkenschwick 1"]
[Site "NRW-Klasse, Gruppe 1 2014/201"]
[Date "2015.03.22"]
[Round "8.1"]
[White "Jens, Jelmer"]
[Black "Mueschenich, Stefan"]
[Result "1-0"]
[WhiteElo "2342"]
[BlackElo "2082"]
[PlyCount "45"]
[EventDate "2015.??.??"]
[WhiteTeam "SV Erkenschwick 1"]
[BlackTeam "SK Münster 2"]

1. e4 Nf6 2. e5 Nd5 3. d4 d6 4. Nf3 Bg4 5. Be2 c6 6. c4 Nb6 7. Nbd2 dxe5 8.
Nxe5 Bxe2 9. Qxe2 N8d7 10. b3 Nxe5 11. dxe5 Qd4 12. Rb1 e6 13. Bb2 Qf4 14. O-O
Be7 15. Ne4 O-O 16. Rbd1 Rfd8 17. Nd6 Bxd6 18. exd6 Rd7 19. Rd3 Re8 20. Be5 Qf5
21. Rf3 Qh5 22. Bxg7 f5 23. Bc3 1-0

[Event "SK Münster 2 - SV Erkenschwick 1"]
[Site "NRW-Klasse, Gruppe 1 2014/201"]
[Date "2015.03.22"]
[Round "8.2"]
[White "Virnyi, Julius"]
[Black "Erwich, Marc"]
[Result "1/2-1/2"]
[WhiteElo "2043"]
[BlackElo "2323"]
[PlyCount "71"]
[EventDate "2015.??.??"]
[WhiteTeam "SK Münster 2"]
[BlackTeam "SV Erkenschwick 1"]

1. d4 Nf6 2. c4 e6 3. g3 Bb4+ 4. Bd2 Qe7 5. Bg2 O-O 6. Nf3 d5 7. Qc2 Ne4 8. O-O
Nxd2 9. Nbxd2 c6 10. e4 dxe4 11. Nxe4 Ba5 12. c5 Bc7 13. Ne5 f5 14. Nd2 Bxe5
15. dxe5 Nd7 16. Rac1 Nxe5 17. Rfe1 Qc7 18. f4 Nd7 19. Rxe6 Nxc5 20. Re5 Nd7
21. Rxf5 Rxf5 22. Qxf5 Qb6+ 23. Kh1 Nf6 24. Qe5 Bd7 25. Nc4 Qa6 26. Qa5 Qxa5
27. Nxa5 Rb8 28. b4 Be6 29. a3 Nd5 30. Re1 Kf7 31. b5 Bd7 32. Rc1 Kf8 33. bxc6
bxc6 34. Kg1 Ne7 35. Rc2 Rb6 36. Nc4 1/2-1/2

[Event "SK Münster 2 - SV Erkenschwick 1"]
[Site "NRW-Klasse, Gruppe 1 2014/201"]
[Date "2015.03.22"]
[Round "8.3"]
[White "Van Beek, Alexander"]
[Black "Neuer, Thomas"]
[Result "1/2-1/2"]
[WhiteElo "2336"]
[BlackElo "2043"]
[PlyCount "38"]
[EventDate "2015.??.??"]
[WhiteTeam "SV Erkenschwick 1"]
[BlackTeam "SK Münster 2"]

1. e4 e6 2. d4 d5 3. Nc3 Nf6 4. e5 Nfd7 5. f4 c5 6. Nf3 Qb6 7. Na4 Qc6 8. b3 b6
9. Be3 Ba6 10. Bxa6 Nxa6 11. O-O c4 12. Nb2 Ba3 13. Bc1 O-O 14. Qe2 b5 15. Nd1
Be7 16. a4 cxb3 17. cxb3 bxa4 18. Ne3 Nb4 19. bxa4 Rfc8 1/2-1/2

[Event "SK Münster 2 - SV Erkenschwick 1"]
[Site "NRW-Klasse, Gruppe 1 2014/201"]
[Date "2015.03.22"]
[Round "8.4"]
[White "Quante, Lennart"]
[Black "Erwich, Frank"]
[Result "0-1"]
[WhiteElo "2016"]
[BlackElo "2290"]
[PlyCount "70"]
[EventDate "2015.??.??"]
[WhiteTeam "SK Münster 2"]
[BlackTeam "SV Erkenschwick 1"]

1. d4 Nf6 2. c4 e6 3. Nc3 Bb4 4. Qc2 c5 5. dxc5 O-O 6. Nf3 Na6 7. g3 Nxc5 8.
Bg2 Nce4 9. O-O Bxc3 10. bxc3 d5 11. Nd2 Nxd2 12. Bxd2 dxc4 13. Bg5 h6 14. Rfd1
Qe7 15. Bxf6 Qxf6 16. Qa4 Qxc3 17. Rac1 Qb2 18. Qxc4 e5 19. Bd5 Bf5 20. e4 Rac8
21. Qf1 Bh3 22. Qe1 Qa3 23. Bb3 b6 24. Qe3 Qe7 25. Rd5 Rxc1+ 26. Qxc1 Rc8 27.
Qd1 Qf6 28. Qh5 Be6 29. Rd6 Rc1+ 30. Kg2 Kh7 31. Bxe6 fxe6 32. Qg4 Rc2 33. Qxe6
Qxf2+ 34. Kh3 Qf1+ 35. Kg4 Qe2+ 0-1

[Event "SK Münster 2 - SV Erkenschwick 1"]
[Site "NRW-Klasse, Gruppe 1 2014/201"]
[Date "2015.03.22"]
[Round "8.5"]
[White "Homs, Guust"]
[Black "Holtel, Jasper"]
[Result "1/2-1/2"]
[WhiteElo "2162"]
[BlackElo "2008"]
[PlyCount "60"]
[EventDate "2015.??.??"]
[WhiteTeam "SV Erkenschwick 1"]
[BlackTeam "SK Münster 2"]

1. e4 c5 2. c3 Nf6 3. e5 Nd5 4. d4 cxd4 5. Nf3 Nc6 6. cxd4 d6 7. Bc4 dxe5 8.
Nxe5 e6 9. Nxc6 bxc6 10. O-O Be7 11. Nc3 O-O 12. Ne4 Nf6 13. Nxf6+ Bxf6 14. Be3
Qa5 15. Qe2 Rd8 16. Rfd1 Rb8 17. Rac1 Bd7 18. Bf4 Rb7 19. Bd6 Be8 20. Bc5 Rbd7
21. b4 Qc7 22. Qg4 e5 23. dxe5 Bxe5 24. Rxd7 Bxd7 25. Qh5 g6 26. Qh4 Bf5 27.
Re1 Bc3 28. Rc1 Be5 29. Re1 Bc3 30. Rc1 Be5 1/2-1/2

[Event "SK Münster 2 - SV Erkenschwick 1"]
[Site "NRW-Klasse, Gruppe 1 2014/201"]
[Date "2015.03.22"]
[Round "8.6"]
[White "Niermann, Rainer"]
[Black "Van Zutphen, Jimmy"]
[Result "0-1"]
[WhiteElo "2015"]
[BlackElo "2182"]
[PlyCount "44"]
[EventDate "2015.??.??"]
[WhiteTeam "SK Münster 2"]
[BlackTeam "SV Erkenschwick 1"]

1. e4 c5 2. Nc3 Nc6 3. g3 Rb8 4. Bg2 b5 5. f4 e6 6. Nf3 b4 7. Ne2 d5 8. e5 h5
9. d4 Nh6 10. Be3 Nf5 11. Bf2 Qb6 12. Qd2 Ba6 13. Rd1 Bxe2 14. Kxe2 Rc8 15. c4
Qa6 16. dxc5 Bxc5 17. Bxc5 Qxc4+ 18. Qd3 Qxc5 19. Rc1 Qb6 20. Bh3 Ncd4+ 21.
Nxd4 Nxd4+ 22. Ke3 Nb3+ 0-1

[Event "SK Münster 2 - SV Erkenschwick 1"]
[Site "NRW-Klasse, Gruppe 1 2014/201"]
[Date "2015.03.22"]
[Round "8.7"]
[White "Eggenstein, Frank"]
[Black "Kaufhold, Thomas"]
[Result "0-1"]
[WhiteElo "1925"]
[BlackElo "2005"]
[Annotator "Hausrath,Daniel"]
[PlyCount "122"]
[EventDate "2015.??.??"]
[WhiteTeam "SV Erkenschwick 1"]
[BlackTeam "SK Münster 2"]

1. e4 e6 2. d4 d5 3. Nd2 c5 4. exd5 Qxd5 5. Ngf3 Nc6 6. dxc5 Bxc5 7. Bc4 Qd8 8.
Qe2 Nf6 9. O-O O-O 10. Rd1 Qc7 11. Nb3 Be7 12. Bg5 Bd7 13. c3 Rac8 14. Bd3 Rfd8
15. Rac1 a6 16. Bb1 Na5 17. Nbd4 Be8 18. Re1 Nc6 19. Qc2 g6 20. Qe2 Qa5 21. Nb3
Qc7 22. c4 a5 23. Nbd2 Nd4 24. Nxd4 Rxd4 25. Nf3 Rxc4 26. Rxc4 Qxc4 27. Qe5 Ng4
28. Qf4 Qxf4 29. Bxf4 Bc5 30. Bg3 $11 Bc6 31. Ne5 Nxe5 32. Bxe5 Bb4 33. Rd1 Bd5
34. a3 Bf8 35. Bc3 Bg7 36. Bxa5 Bxb2 37. Bb4 Kg7 38. Bd3 Kf6 39. Kf1 Rc1 40.
Rxc1 Bxc1 41. f3 Bb2 42. Ke2 Bd4 43. Bb5 Ke5 44. g3 Bc6 45. Bc4 Bg1 46. Bc3+
Kd6 47. Bb4+ Bc5 48. f4 b6 49. Kd2 Bd5 50. Bd3 Kc6 51. Bxc5 Kxc5 52. Kc3 f6 53.
h4 e5 54. fxe5 fxe5 55. g4 e4 56. Be2 b5 57. Bf1 e3 58. Be2 Bc4 59. Bf3 Kd6 60.
Bb7 Ke5 61. g5 Kf4 0-1

[Event "SK Münster 2 - SV Erkenschwick 1"]
[Site "NRW-Klasse, Gruppe 1 2014/201"]
[Date "2015.03.22"]
[Round "8.8"]
[White "Baumann, Stephan"]
[Black "Strozewski, Frank"]
[Result "0-1"]
[WhiteElo "1966"]
[BlackElo "1933"]
[PlyCount "84"]
[EventDate "2015.??.??"]
[WhiteTeam "SK Münster 2"]
[BlackTeam "SV Erkenschwick 1"]

1. e4 d6 2. d4 g6 3. Bc4 Bg7 4. Nc3 Nc6 5. Nf3 Nf6 6. Qe2 Bg4 7. Bb5 O-O 8.
Bxc6 bxc6 9. O-O Nd7 10. Be3 Rb8 11. Rab1 Rb7 12. h3 Bxf3 13. Qxf3 Qb8 14. Nd1
Nb6 15. Qe2 d5 16. e5 Nc4 17. Bc1 c5 18. Ne3 Na3 19. Ra1 cxd4 20. Nxd5 c6 21.
Nf4 Nb5 22. Nd3 Rd7 23. Bf4 e6 24. Rfe1 Qb6 25. Qd2 a5 26. Bh6 Nc7 27. Bxg7
Kxg7 28. Re4 Nd5 29. Rh4 h5 30. g4 Qd8 31. g5 Ne3 32. fxe3 Qxg5+ 33. Kh2 Qxh4
34. exd4 Rxd4 35. Qxa5 Rfd8 36. Qd2 R8d5 37. Re1 c5 38. Qe3 c4 39. Nf2 Rd2 40.
Re2 Rxe2 41. Qxe2 Qf4+ 42. Kg2 Rd2 0-1

[Event "Oberhausener SV 1 - SK Münster 2"]
[Site "NRW-Klasse, Gruppe 1 2014/201"]
[Date "2015.04.26"]
[Round "9.1"]
[White "Mueschenich, Stefan"]
[Black "Hort, Vlastimil"]
[Result "0-1"]
[WhiteElo "2082"]
[BlackElo "2390"]
[PlyCount "48"]
[EventDate "2015.??.??"]
[WhiteTeam "SK Münster 2"]
[BlackTeam "Oberhausener SV 1"]

1. e4 c5 2. Nf3 e6 3. b3 d6 4. Bb2 Nc6 5. g3 Nf6 6. d3 d5 7. Nbd2 Be7 8. Bg2
Qc7 9. O-O d4 10. c3 dxc3 11. Bxc3 O-O 12. Qc2 Bd7 13. d4 cxd4 14. Bxd4 Rac8
15. Rac1 Qb8 16. Qb2 Nxd4 17. Nxd4 Ng4 18. N2f3 Ne5 19. Nxe5 Qxe5 20. f4 Qa5
21. a4 Qb6 22. Qa1 Bc5 23. Rc4 Qxb3 24. Rxc5 Qe3+ 0-1

[Event "Oberhausener SV 1 - SK Münster 2"]
[Site "NRW-Klasse, Gruppe 1 2014/201"]
[Date "2015.04.26"]
[Round "9.2"]
[White "Becker, Marcel"]
[Black "Virnyi, Julius"]
[Result "1-0"]
[WhiteElo "2287"]
[BlackElo "2043"]
[PlyCount "41"]
[EventDate "2015.??.??"]
[WhiteTeam "Oberhausener SV 1"]
[BlackTeam "SK Münster 2"]

1. d4 Nf6 2. c4 e6 3. Nc3 Bb4 4. e3 O-O 5. Bd3 d5 6. Nf3 c5 7. O-O cxd4 8. exd4
dxc4 9. Bxc4 b6 10. Qe2 Bb7 11. Rd1 Bxc3 12. bxc3 Qc7 13. Ba3 Rc8 14. Ne5 Nd5
15. Rac1 f6 16. Ng6 Kf7 17. Bxd5 exd5 18. Ne7 Rh8 19. Qh5+ Ke6 20. Re1+ Kd7 21.
Nxd5 1-0

[Event "Oberhausener SV 1 - SK Münster 2"]
[Site "NRW-Klasse, Gruppe 1 2014/201"]
[Date "2015.04.26"]
[Round "9.3"]
[White "Kubo, Thomas"]
[Black "Kaufeld, Juergen"]
[Result "1/2-1/2"]
[WhiteElo "1991"]
[BlackElo "2282"]
[PlyCount "51"]
[EventDate "2015.??.??"]
[WhiteTeam "SK Münster 2"]
[BlackTeam "Oberhausener SV 1"]

1. d4 Nf6 2. Bf4 c5 3. e3 Qb6 4. Nc3 cxd4 5. Qxd4 Qa5 6. b4 e5 7. Qxe5+ Qxe5 8.
Bxe5 Bxb4 9. Bxf6 gxf6 10. Nge2 Na6 11. O-O-O Nc7 12. Kb2 b6 13. Nf4 Bb7 14.
Nb5 Nxb5 15. Bxb5 Bc6 16. Nd5 Bxb5 17. Nxb4 Bc4 18. Nd5 Bxd5 19. Rxd5 Rg8 20.
g3 Rg5 21. Rhd1 Rc8 22. Rxd7 Rb5+ 23. Kc1 Ra5 24. Kb2 Rb5+ 25. Kc1 Ra5 26. Kb2
1/2-1/2